| 000 | 01739nam a2200313 a 4500 | ||
|---|---|---|---|
| 001 | |||
| 003 | OSt | ||
| 005 | 20241021150158.0 | ||
| 008 | 150203s2014 dr 000 0 spa d | ||
| 040 |
_aDO-SdBNP _bspa _cDO-SdBNP |
||
| 082 |
_a342.7293068 _b R426c |
||
| 110 | 1 |
_aRepública Dominicana. _9447 |
|
| 240 | 1 | 0 | _a[Leyes, etc.] |
| 245 | 1 | 0 |
_aCompendio de normas sobre profesionalización de la función pública : _bLey de Función Pública y sus reglamentos de aplicación y ley orgánica de Administración Pública Ley no. 247-12 / _cpresentación ; Ramón Ventura Camejo. |
| 250 | _a9a ed. | ||
| 260 |
_aSanto Domingo : _aMinisterio de Administración Pública (MAP), _c2014. |
||
| 300 |
_a254 p. ; _c22 cm. |
||
| 505 | 0 |
_aLey no. 41-08 de función pública -- _tReglamento de relaciones laborales en la administración pública. No. 523-09 -- _tReglamento de reclutamiento y selección de personal en la administración pública. No. 524-09 -- _tReglamento de evaluación del desenpeño y promoción de los servidores y funcionarios de la administración pública. No. 525-09 -- _tReglamento de estructura organizativa, cargo y política salarial. No. 527-09 _tLey orgáica de admistración pública (ley No. 247-12) |
|
| 590 | _aInventariado, 2020/VM | ||
| 650 | 0 |
_xRepública Dominicana _aRepública Dominicana _99306 |
|
| 650 | 7 |
_aFunción pública _zRepública Dominicana _917764 |
|
| 650 | 7 |
_aFuncionarios públicos _zRepública Dominicana _96503 |
|
| 650 | 0 |
_aCarrera administrativa _zRepública Dominicana _935844 |
|
| 651 | _2 | | ||
| 700 | 1 | 2 |
_aVentura Camejo, Ramón _epresent. _926937 |
| 710 | 2 | 2 |
_aRepública Dominicana. _bMinisterio de Administración Pública _938094 |
| 942 |
_2ddc _cLF1 |
||
| 956 | _uVMateo | ||
| 999 |
_c48812 _d48812 |
||